[Event "RUS-Cup"]
[Site "Tomsk"]
[Date "1999.??.??"]
[Round "9"]
[White "Volkov, Sergey"]
[Black "Shariyazdanov, Andrey"]
[Result "1/2-1/2"]
[WhiteElo "2587"]
[BlackElo "2539"]
[PlyCount "60"]
[EventDate "1999.??.??"]
[Source "www.chesslib.no"]
[SourceDate "2004.05.04"]

1. d4 Nf6 2. c4 e6 3. Nc3 Bb4 4. f3 d5 5. a3 Bxc3+ 6. bxc3 O-O 7. cxd5 exd5 8. e3 b6 9. Ra2 Re8 10. Rf2 Ba6 11. Bxa6 Nxa6 12. Qd3 Nb8 13. Ne2 c5 14. O-O Nc6 15. g4 Qd6 16. Ng3 g6 17. Kg2 Re7 18. h4 Rae8 19. h5 Na5 20. hxg6 fxg6 21. g5 Nh5 22. Nxh5 gxh5 23. Qb5 c4 24. a4 Nb3 25. e4 Nxc1 26. Rxc1 dxe4 27. Qxc4+ Kh8 28. f4 e3 29. Rf3 Re4 30. Qf7 Rf8 1/2-1/2

[Event "ISR-chT"]
[Site "Israel"]
[Date "1999.05.08"]
[Round "11"]
[White "Manor, Ilan"]
[Black "Rozentalis, Eduardas"]
[Result "0-1"]
[WhiteElo "2513"]
[BlackElo "2577"]
[PlyCount "76"]
[EventDate "1999.01.??"]
[Source "www.chesslib.no"]
[SourceDate "2004.05.04"]

1. d4 Nf6 2. c4 e6 3. Nc3 Bb4 4. a3 Bxc3+ 5. bxc3 O-O 6. f3 d5 7. Bg5 c6 8. Nh3 Nbd7 9. Nf2 Qa5 10. Qd2 dxc4 11. e4 b5 12. Be2 c5 13. dxc5 Bb7 14. O-O Qc7 15. a4 a6 16. Bxf6 Nxf6 17. Qd6 Qxd6 18. cxd6 e5 19. Rfd1 Bc6 20. g3 Rfd8 21. Ra2 Kf8 22. Bf1 Nd7 23. f4 f6 24. Bg2 h5 25. Bh3 Nc5 26. axb5 axb5 27. Rxa8 Rxa8 28. Bf5 Kf7 29. fxe5 fxe5 30. Nh3 g6 31. d7 Nd3 32. Ng5+ Kf6 33. Nh7+ Kg7 34. Ng5 gxf5 35. Ne6+ Kf6 36. d8=Q+ Rxd8 37. Nxd8 Bxe4 38. Ra1 Ke7 0-1

[Event "URS Army Team Ch"]
[Site "Leningrad RUS"]
[Date "1989.??.??"]
[Round "?"]
[White "Yurtaev, Leonid"]
[Black "Dautov, Rustem"]
[Result "1-0"]
[WhiteElo "2510"]
[BlackElo "2535"]
[PlyCount "99"]
[EventDate "1989.??.??"]
[Source "www.chesslib.no"]
[SourceDate "2004.05.04"]

1. d4 Nf6 2. c4 e6 3. Nc3 Bb4 4. a3 Bxc3+ 5. bxc3 O-O 6. f3 d5 7. cxd5 Nxd5 8. e4 Ne7 9. Bd3 c5 10. Ne2 Nbc6 11. Be3 cxd4 12. cxd4 b6 13. O-O Bb7 14. Rc1 Qd7 15. Qd2 Rac8 16. Qb2 Na5 17. Bd2 Rxc1 18. Rxc1 Nac6 19. Bc3 Ne5 20. Bb5 Bc6 21. Bxc6 N5xc6 22. d5 exd5 23. Bxg7 Rd8 24. Rd1 Qe6 25. Nf4 Qd6 26. Nxd5 Qc5+ 27. Kh1 Nxd5 28. exd5 Rxd5 29. Re1 Nd4 30. Bf6 Ne6 31. h3 Qd6 32. Be5 Qd8 33. Re4 h5 34. Qf2 Qg5 35. f4 Qf5 36. Re1 Rd3 37. a4 Ng5 38. Qh4 Nh7 39. Bb2 Nf8 40. Re5 Rd1+ 41. Kh2 Ng6 42. Qg3 Qd7 43. Rxh5 Rh1+ 44. Kxh1 Qd1+ 45. Kh2 Qxh5 46. Qc3 Kf8 47. Qc8+ Ke7 48. Qc7+ Ke8 49. Qc6+ Kf8 50. Qa8+ 1-0

[Event "Leningrad"]
[Site "?"]
[Date "1991.??.??"]
[Round "?"]
[White "Khenkin, I."]
[Black "Kuzmin, G."]
[Result "0-1"]
[WhiteElo "2495"]
[BlackElo "2530"]
[PlyCount "104"]
[EventDate "1991.??.??"]
[Source "ChessBase"]
[SourceDate "1991.06.01"]

1. d4 Nf6 2. c4 e6 3. Nc3 Bb4 4. f3 d5 5. a3 Bxc3+ 6. bxc3 O-O 7. cxd5 exd5 8. e3 Bf5 9. Ne2 Re8 10. g4 Bxg4 11. fxg4 Nxg4 12. Ra2 Nc6 13. Qd3 Na5 14. e4 c5 15. Bg2 Nb3 16. O-O cxd4 17. cxd4 Nxc1 18. Nxc1 Qh4 19. h3 dxe4 20. Bxe4 Nf6 21. Bxb7 Rad8 22. Nb3 Qh6 23. Bg2 Re3 24. Qc4 Qg5 25. Nc5 Rxh3 26. Ne4 Qe3+ 27. Raf2 Rh6 28. Nxf6+ Rxf6 29. d5 h5 30. Qe2 Qc5 31. Kh1 Rxf2 32. Qxf2 Qxf2 33. Rxf2 Kf8 34. Rc2 Rd7 35. Rc5 Ke7 36. Bh3 Rb7 37. Bc8 Rb3 38. a4 Kd6 39. Ra5 Rc3 40. Bh3 Rxh3+ 41. Kg2 Re3 42. Rxa7 Re5 43. Rxf7 g5 44. a5 Rxd5 45. a6 Ra5 46. a7 Ke6 47. Rg7 Kf6 48. Rh7 h4 49. Kh3 Ra3+ 50. Kh2 Kg6 51. Rb7 Kh5 52. Kg2 h3+ 0-1

[Event "London ENG"]
[Site "?"]
[Date "1983.??.??"]
[Round "?"]
[White "Kasparov Garry"]
[Black "Bradbury Neil H"]
[Result "0-1"]
[WhiteElo "2690"]
[BlackElo "2305"]
[PlyCount "64"]
[EventDate "1983.??.??"]
[Source "www.chesslib.no"]
[SourceDate "2004.05.04"]

1. d4 Nf6 2. c4 e6 3. Nc3 Bb4 4. a3 Bxc3+ 5. bxc3 O-O 6. f3 d5 7. cxd5 exd5 8. e3 Bf5 9. Ne2 Re8 10. Nf4 c5 11. g4 Bxg4 12. fxg4 Ne4 13. h4 Nc6 14. Bg2 Nxc3 15. Qd3 cxd4 16. O-O Qxh4 17. exd4 Ne4 18. Be3 Rad8 19. Rab1 Nf6 20. Rf3 Qxg4 21. Rxb7 Na5 22. Rxa7 Nc4 23. Nxd5 Nxd5 24. Bf2 Nd6 25. Rg3 Qf5 26. Qxf5 Nxf5 27. Rb3 Nf4 28. Rbb7 Nd6 29. Rd7 Nxg2 30. Kxg2 Rxd7 31. Rxd7 Ne4 32. Be1 Nf6 0-1

[Event "It (Men) Budapest HUN"]
[Site "?"]
[Date "2006.05.14"]
[Round "9"]
[White "Berczes David"]
[Black "Chernyshov Konstantin"]
[Result "1-0"]
[WhiteElo "2450"]
[BlackElo "2544"]
[PlyCount "127"]
[EventDate "2006.??.??"]
[Source "www.chesslib.no"]
[SourceDate "2004.05.04"]

1. d4 Nf6 2. c4 e6 3. Nc3 Bb4 4. a3 Bxc3+ 5. bxc3 O-O 6. f3 d5 7. cxd5 exd5 8. e3 Bf5 9. Ne2 Re8 10. g4 Bxg4 11. fxg4 Nxg4 12. Qd3 c5 13. Rg1 Qh4+ 14. Rg3 Nd7 15. h3 Ndf6 16. Qf5 Nxe3 17. Qf2 Nfg4 18. hxg4 Nc2+ 19. Kd1 Nxa1 20. dxc5 Nb3 21. Be3 Rad8 22. Kc2 Na5 23. Nd4 Nc4 24. Bc1 Qe7 25. Bd3 Rc8 26. g5 Qxc5 27. Bxh7+ Kf8 28. Bg6 Nd6 29. Bxf7 Ne4 30. Qf4 Ke7 31. Bxe8 Rxe8 32. Rf3 Nd6 33. Nb3 Qb5 34. Re3+ Ne4 35. Qc7+ Qd7 36. Qxd7+ Kxd7 37. Rf3 Nd6 38. Kd3 Re1 39. Bd2 Rh1 40. Be3 b6 41. Nd4 Rd1+ 42. Kc2 Rh1 43. Nf5 Nc4 44. Bd4 g6 45. Ne3 Rh2+ 46. Kc1 Nxa3 47. Nxd5 Nb5 48. Be3 Ke6 49. c4 Na3 50. Rf6+ Kd7 51. Rxg6 Nxc4 52. Bf4 Rf2 53. Rf6 b5 54. g6 a5 55. g7 Rg2 56. Ra6 Rxg7 57. Ra7+ Kc6 58. Rxg7 Kxd5 59. Rg5+ Kc6 60. Kc2 Nb6 61. Rg6+ Kb7 62. Kd3 b4 63. Rg5 a4 64. Rb5 1-0

[Event "Vinkovci CRO, Open 2005"]
[Site "?"]
[Date "2005.03.11"]
[Round "6.1"]
[White "Cebalo Miso"]
[Black "Brkic Ante"]
[Result "0-1"]
[WhiteElo "2519"]
[BlackElo "2458"]
[PlyCount "94"]
[EventDate "2005.??.??"]
[Source "www.chesslib.no"]
[SourceDate "2004.05.04"]

1. d4 Nf6 2. c4 e6 3. Nc3 Bb4 4. f3 d5 5. a3 Bxc3+ 6. bxc3 O-O 7. cxd5 exd5 8. e3 b6 9. Bd3 Ba6 10. Ne2 Qc8 11. a4 Re8 12. O-O c5 13. Ng3 Bxd3 14. Qxd3 Qa6 15. Qb5 Qxb5 16. axb5 a5 17. Re1 Nbd7 18. Ba3 Rac8 19. e4 dxe4 20. fxe4 cxd4 21. cxd4 Rc2 22. Bd6 Rb2 23. Rac1 Rxb5 24. Rc7 Rd5 25. Be5 Nxe5 26. exd5 Nf3+ 27. gxf3 Rxe1+ 28. Kf2 Re8 29. d6 Rd8 30. Nf5 Kf8 31. Rb7 g6 32. Nh6 Nd7 33. Ng4 f6 34. Ne3 Kf7 35. d5 Ke8 36. Nc4 Rc8 37. Nxb6 Nxb6 38. Rxb6 Ra8 39. Rb7 a4 40. Rxh7 Ra5 41. Re7+ Kd8 42. Re2 a3 43. Ra2 Kd7 44. Ke3 Kxd6 45. Kd4 Rxd5+ 46. Kc3 Ra5 47. Kb3 Ke5 0-1

[Event "It (cat.9)"]
[Site "Balatonlelle (Hungary)"]
[Date "2007.06.21"]
[Round "6"]
[White "Berczes David (HUN)"]
[Black "Sax Gyula (HUN)"]
[Result "1/2-1/2"]
[WhiteElo "2442"]
[BlackElo "2527"]
[PlyCount "70"]
[EventDate "2007.??.??"]
[Source "www.chesslib.no"]
[SourceDate "2004.05.04"]

1. d4 Nf6 2. c4 e6 3. Nc3 Bb4 4. a3 Bxc3+ 5. bxc3 O-O 6. f3 d5 7. cxd5 Nxd5 8. e4 Ne7 9. a4 c5 10. Ba3 cxd4 11. cxd4 Nbc6 12. Bb5 Qa5+ 13. Qd2 Qxd2+ 14. Kxd2 Rd8 15. Ke3 Bd7 16. Ne2 Nc8 17. Bc5 Na5 18. Bb4 Nc6 19. Bc3 Nd6 20. Bd3 b6 21. h4 Rab8 22. h5 h6 23. g4 b5 24. a5 b4 25. Bb2 Ne7 26. g5 hxg5 27. h6 f6 28. hxg7 Kxg7 29. f4 Nf7 30. Rag1 Rh8 31. fxg5 fxg5 32. d5+ e5 33. Rxg5+ Ng6 34. Rxh8 Rxh8 35. Rg3 Kf6 1/2-1/2

[Event "Swidnica op rap"]
[Site "?"]
[Date "1998.??.??"]
[Round "?"]
[White "Simantsev Mikhail"]
[Black "Kveinys Aloyzas"]
[Result "1-0"]
[WhiteElo "2395"]
[BlackElo "2535"]
[PlyCount "65"]
[EventDate "1998.??.??"]
[Source "www.chesslib.no"]
[SourceDate "2004.05.04"]

1. d4 Nf6 2. c4 e6 3. Nc3 Bb4 4. f3 d5 5. a3 Bxc3+ 6. bxc3 O-O 7. cxd5 exd5 8. e3 b6 9. Bd3 Re8 10. Ne2 c5 11. O-O Ba6 12. Bxa6 Nxa6 13. Qd3 Nc7 14. g4 Qd7 15. Bd2 h5 16. h3 g6 17. Kg2 Ne6 18. Ng3 hxg4 19. hxg4 Rac8 20. Rae1 Rc6 21. Rh1 Ng5 22. Qb5 a6 23. Qxa6 Nxf3 24. Kxf3 Qxg4+ 25. Kf2 Ne4+ 26. Nxe4 dxe4 27. Reg1 Qf5+ 28. Ke1 cxd4 29. cxd4 Rec8 30. Qe2 Qd5 31. Qh2 Rc1+ 32. Kf2 Qf5+ 33. Qf4 1-0

[Event "Frunze Open"]
[Site "Frunze KGZ"]
[Date "1989.??.??"]
[Round "?"]
[White "Kantsler, Boris"]
[Black "Tiviakov, Sergei"]
[Result "0-1"]
[WhiteElo "2430"]
[BlackElo "2480"]
[PlyCount "64"]
[EventDate "1989.08.??"]
[Source "www.chesslib.no"]
[SourceDate "2004.05.04"]

1. d4 Nf6 2. c4 e6 3. Nc3 Bb4 4. a3 Bxc3+ 5. bxc3 O-O 6. f3 b6 7. e4 Ne8 8. Nh3 Ba6 9. Bg5 f6 10. Bh4 Nc6 11. e5 Na5 12. Qa4 d6 13. Nf2 d5 14. cxd5 Bxf1 15. Rxf1 Qxd5 16. Nd3 fxe5 17. Nxe5 Nd6 18. Qd7 Nac4 19. Nc6 Kh8 20. Be7 Rfe8 21. Rf2 Qb5 22. Bxd6 cxd6 23. Re2 Rec8 24. d5 exd5 25. Kf2 Na5 26. Nb8 Qc5+ 27. Kg3 Raxb8 28. Rae1 Qc6 29. Qf7 Rf8 30. Qh5 Qxc3 31. Re8 Rbxe8 32. Rxe8 Qf6 0-1

[Event "Konex"]
[Site "Buenos Aires"]
[Date "1979.??.??"]
[Round "5"]
[White "Diez del Corral, Jesus"]
[Black "Trois, Francisco RT"]
[Result "1/2-1/2"]
[WhiteElo "2485"]
[BlackElo "2415"]
[PlyCount "45"]
[EventDate "1979.07.??"]
[Source "ChessBase"]

1. d4 Nf6 2. c4 e6 3. Nc3 Bb4 4. a3 Bxc3+ 5. bxc3 O-O 6. f3 Ne8 7. e4 b6 8. Nh3 Ba6 9. Qa4 c5 10. Bg5 f6 11. Be3 d6 12. Nf4 Nc7 13. g3 Qe8 14. Qxe8 Rxe8 15. d5 exd5 16. Nxd5 Nxd5 17. cxd5 Bxf1 18. Rxf1 f5 19. O-O-O fxe4 20. Bf4 Nd7 21. Bxd6 Nf6 22. Bc7 Re7 23. d6 1/2-1/2

[Event "Polska (ch)"]
[Site "?"]
[Date "1991.??.??"]
[Round "?"]
[White "Agrest, E."]
[Black "Dobosz, H."]
[Result "1-0"]
[WhiteElo "2480"]
[BlackElo "2410"]
[PlyCount "91"]
[EventDate "1991.??.??"]
[Source "ChessBase"]
[SourceDate "1991.10.01"]

1. d4 Nf6 2. c4 e6 3. Nc3 Bb4 4. a3 Bxc3+ 5. bxc3 d6 6. f3 O-O 7. e4 e5 8. Bg5 c5 9. d5 Nbd7 10. Bd3 h6 11. Be3 Re8 12. Ne2 Nf8 13. O-O Ng6 14. Qd2 Kf8 15. Ng3 Ke7 16. Rab1 Qc7 17. Rb2 Kd8 18. Rfb1 Rb8 19. Bc2 Ne7 20. h4 Bd7 21. Rf1 Ng6 22. h5 Nf8 23. Bd1 Bc8 24. Be2 b6 25. Qc2 Qe7 26. Qb1 Kc7 27. Bd1 Bd7 28. Bc2 Qd8 29. Qd1 Qc8 30. Ba4 Qa6 31. Bxd7 N8xd7 32. Qb3 Rh8 33. a4 g6 34. hxg6 fxg6 35. Qa2 h5 36. Nh1 h4 37. Nf2 Nh5 38. Nh3 Ng7 39. Bg5 Rh5 40. Rb5 Qc8 41. a5 Qe8 42. Rb3 Rb7 43. Rfb1 Rh7 44. Qa4 Nf8 45. axb6+ axb6 46. Rxb6 1-0

[Event "14th Asian Cities"]
[Site "Tagaytay City"]
[Date "2004.03.24"]
[Round "5"]
[White "Murali Krishnan, B Thulasiraman"]
[Black "Kotsur, Pavel"]
[Result "0-1"]
[WhiteElo "2319"]
[BlackElo "2569"]
[PlyCount "126"]
[EventDate "2004.03.21"]
[Source "Roberto Alvarez"]
[SourceDate "2004.03.29"]

1. d4 Nf6 2. c4 e6 3. Nc3 Bb4 4. a3 Bxc3+ 5. bxc3 O-O 6. f3 Ne8 7. Nh3 b6 8. e4 Ba6 9. Bd3 Nc6 10. Bg5 f6 11. Bh4 e5 12. c5 Bxd3 13. Qxd3 Rf7 14. cxb6 cxb6 15. O-O Rc8 16. f4 d6 17. Rad1 Qc7 18. fxe5 dxe5 19. Bg3 Qe7 20. d5 Nb8 21. d6 Qe6 22. Ng5 fxg5 23. Rxf7 Kxf7 24. d7 Nxd7 25. Qxd7+ Qxd7 26. Rxd7+ Ke6 27. Rxa7 Rxc3 28. Bxe5 Kxe5 29. Re7+ Kf6 30. Rxe8 Rxa3 31. e5+ Kf5 32. e6 Kf6 33. e7 h5 34. Rb8 Kxe7 35. Rxb6 g4 36. Kf2 Kf7 37. Rc6 g6 38. Rb6 Kg7 39. Rc6 Kh6 40. Rc5 h4 41. Rb5 Ra2+ 42. Kg1 Ra1+ 43. Kf2 Rh1 44. Rb4 Kh5 45. Rb5+ g5 46. Rb6 h3 47. gxh3 gxh3 48. Rb8 Kh4 49. Kf3 Rf1+ 50. Ke2 Rf4 51. Rh8+ Kg4 52. Rc8 Rb4 53. Rc2 Kh4 54. Kf2 Rb1 55. Rc4+ g4 56. Rc8 Rh1 57. Rh8+ Kg5 58. Rg8+ Kf5 59. Rf8+ Ke5 60. Re8+ Kf6 61. Kg3 Rg1+ 62. Kf4 g3 63. Re2 g2 0-1

[Event "Open"]
[Site "?"]
[Date "2001.??.??"]
[Round "?"]
[White "Korobov Anton"]
[Black "Fedorchuk Sergey A"]
[Result "1/2-1/2"]
[WhiteElo "2401"]
[BlackElo "2480"]
[PlyCount "44"]
[EventDate "2001.??.??"]
[Source "www.chesslib.no"]
[SourceDate "2004.05.04"]

1. d4 Nf6 2. c4 e6 3. Nc3 Bb4 4. a3 Bxc3+ 5. bxc3 O-O 6. f3 c5 7. e4 d6 8. Bd3 Nc6 9. Ne2 e5 10. Be3 b6 11. d5 Ne7 12. g4 Ng6 13. h4 Ne8 14. Bg5 f6 15. Be3 Nc7 16. Qd2 Bd7 17. Kf2 Rb8 18. a4 Qe8 19. Ng3 Ne7 20. Qc2 g6 21. h5 g5 22. Qd2 a6 1/2-1/2

[Event "FRG-ch int"]
[Site "Mannheim"]
[Date "1975.??.??"]
[Round "3"]
[White "Gerusel, Mathias"]
[Black "Kestler, Hans Guenther"]
[Result "0-1"]
[WhiteElo "2440"]
[BlackElo "2430"]
[PlyCount "138"]
[EventDate "1975.??.??"]
[Source "ChessBase"]

1. d4 Nf6 2. c4 e6 3. Nc3 Bb4 4. a3 Bxc3+ 5. bxc3 O-O 6. f3 Ne8 7. e4 b6 8. Be3 Ba6 9. Qa4 Nd6 10. Bd3 f5 11. e5 Nb7 12. f4 Na5 13. Rd1 d5 14. exd6 cxd6 15. Nf3 Qd7 16. Qxd7 Nxd7 17. c5 Bxd3 18. Rxd3 d5 19. cxb6 axb6 20. Bc1 Nc4 21. O-O h6 22. Re1 Kf7 23. Nd2 Rfc8 24. Nxc4 Rxc4 25. Rde3 Rc6 26. g4 fxg4 27. f5 Re8 28. c4 Nf6 29. fxe6+ Rexe6 30. cxd5 Rxe3 31. Bxe3 Nxd5 32. Bf2 Re6 33. Rb1 Re2 34. Rb5 Ke6 35. Rb3 Kf5 36. h3 h5 37. hxg4+ hxg4 38. Kf1 Ra2 39. Rg3 g6 40. Rb3 Kf4 41. Kg1 Rc2 42. Kf1 Kf5 43. Bh4 Ke4 44. Bf2 Rc3 45. Rxc3 Nxc3 46. Be1 Nd5 47. Kf2 b5 48. Kg3 Kf5 49. Bd2 Nf6 50. Bc1 Nh5+ 51. Kh4 Nf4 52. Bd2 g5+ 53. Kg3 Ne2+ 54. Kf2 Nxd4 55. Bc1 Nb3 56. Be3 Na5 57. Kg3 Nc4 58. Bc1 Nd6 59. Kf2 Kg6 60. Kg2 Nc4 61. Kf2 Kh5 62. Kg3 Nd6 63. Bb2 Nf5+ 64. Kg2 Kh4 65. Be5 g3 66. Kf3 Kh3 67. Bc7 Nd4+ 68. Ke3 g2 69. Kf2 Nf3 0-1

[Event "Corr"]
[Site "?"]
[Date "2001.11.01"]
[Round "?"]
[White "Christov Ilja"]
[Black "Moura Antonio J Brito"]
[Result "1-0"]
[WhiteElo "2443"]
[BlackElo "2427"]
[PlyCount "83"]
[EventDate "2001.??.??"]
[Source "www.chesslib.no"]
[SourceDate "2004.05.04"]

1. d4 Nf6 2. c4 e6 3. Nc3 Bb4 4. a3 Bxc3+ 5. bxc3 O-O 6. Qc2 d5 7. cxd5 Qxd5 8. f3 e5 9. e4 Qa5 10. Bd2 Bd7 11. Bd3 Ba4 12. Qb1 Qb6 13. Ne2 Nc6 14. Be3 Rfd8 15. Kf2 h6 16. d5 Qxb1 17. Raxb1 b6 18. c4 Ne7 19. c5 Ng6 20. Nc3 Be8 21. Ba6 Bd7 22. Rhc1 Ne8 23. Nb5 Ne7 24. f4 exf4 25. Bxf4 Bxb5 26. Bxb5 g5 27. cxb6 cxb6 28. Bc7 Nxc7 29. Rxc7 Kf8 30. Bd7 Ng6 31. Ke3 Ne5 32. Bf5 Rd6 33. Rf1 Kg8 34. Kd4 Re8 35. Rfc1 Kg7 36. Rxa7 h5 37. a4 Kf6 38. Ra6 Red8 39. a5 Nc6+ 40. Rxc6 Rxc6 41. Rxb6 Rxb6 42. axb6 1-0

[Event "Tula"]
[Site "Tula"]
[Date "2000.??.??"]
[Round "13"]
[White "Bairachny, Ruslan"]
[Black "Vasiliev, Vladimir P"]
[Result "1/2-1/2"]
[WhiteElo "2440"]
[BlackElo "2397"]
[PlyCount "88"]
[EventDate "2000.??.??"]
[Source "www.chesslib.no"]
[SourceDate "2004.05.04"]

1. d4 Nf6 2. c4 e6 3. Nc3 Bb4 4. f3 d5 5. a3 Bxc3+ 6. bxc3 O-O 7. cxd5 exd5 8. e3 Bf5 9. g4 Be6 10. Ne2 c5 11. Nf4 Re8 12. Bd3 Nc6 13. Kf2 cxd4 14. cxd4 Rc8 15. Bd2 a6 16. a4 Na5 17. Bxa5 Qxa5 18. Qe1 Qc7 19. g5 Nd7 20. a5 Nf8 21. h4 Qd7 22. Qb1 Rc7 23. Ra3 Re7 24. Rc1 Qd8 25. Qa1 Rxc1 26. Qxc1 Rc7 27. Rc3 Rxc3 28. Qxc3 h6 29. Nxe6 Nxe6 30. f4 g6 31. Be2 Ng7 32. Bg4 hxg5 33. Qc8 Qxc8 34. Bxc8 gxf4 35. Bxb7 Nf5 36. exf4 Nxd4 37. Bxa6 Nc6 38. Bb7 Nxa5 39. Bxd5 Kf8 40. Ke3 f5 41. Kd4 Kg7 42. h5 gxh5 43. Kc3 Kf6 44. Kb4 Ke7 1/2-1/2

[Event "SSKK"]
[Site "?"]
[Date "1997.04.15"]
[Round "?"]
[White "Kristinsson Jon (ISL)"]
[Black "Raivio Pertti (FIN)"]
[Result "0-1"]
[WhiteElo "2455"]
[BlackElo "2375"]
[PlyCount "36"]
[EventDate "1997.??.??"]
[Source "www.chesslib.no"]
[SourceDate "2004.05.04"]

1. d4 Nf6 2. c4 e6 3. Nc3 Bb4 4. a3 Bxc3+ 5. bxc3 O-O 6. f3 d5 7. cxd5 exd5 8. e3 Bf5 9. Ne2 c5 10. g4 Bg6 11. Nf4 Nc6 12. Bg2 Re8 13. O-O Qd6 14. g5 cxd4 15. cxd4 Nd7 16. Qb3 Nb6 17. a4 Qb4 18. Qxd5 Nxd5 0-1

[Event "HUN-ch"]
[Site "Budapest"]
[Date "1971.??.??"]
[Round "6"]
[White "Toth, Bela"]
[Black "Flesch, Janos"]
[Result "1-0"]
[WhiteElo "2400"]
[BlackElo "2430"]
[PlyCount "57"]
[EventDate "1971.??.??"]
[Source "ChessBase"]

1. d4 Nf6 2. c4 e6 3. Nc3 Bb4 4. a3 Bxc3+ 5. bxc3 O-O 6. f3 Ne8 7. Nh3 b6 8. e4 Ba6 9. Bd3 c5 10. O-O Nc6 11. Be3 Na5 12. Qe2 Rc8 13. e5 cxd4 14. Bg5 f6 15. Qe4 g6 16. exf6 Nxf6 17. Qh4 dxc3 18. Nf2 Rc5 19. f4 Nb3 20. Ng4 Rxg5 21. Nh6+ Kg7 22. fxg5 Nxa1 23. Rxa1 Qe7 24. gxf6+ Rxf6 25. Qh3 Qc5+ 26. Kh1 c2 27. Ng4 Qxa3 28. Qh6+ Kh8 29. Rxa3 1-0

[Event "Ubeda op 5th"]
[Site "Ubeda"]
[Date "2000.01.19"]
[Round "1"]
[White "Bick, John D"]
[Black "Iordachescu, Viorel"]
[Result "1-0"]
[WhiteElo "2266"]
[BlackElo "2560"]
[PlyCount "93"]
[EventDate "2000.01.19"]
[Source "ChessBase"]
[SourceDate "2000.04.05"]

1. d4 Nf6 2. c4 e6 3. Nc3 Bb4 4. a3 Bxc3+ 5. bxc3 O-O 6. f3 c5 7. e4 Qa5 8. Bd2 Nc6 9. Bd3 Qc7 10. d5 Ne5 11. Be2 d6 12. g4 b5 13. g5 Nfd7 14. cxb5 exd5 15. f4 Nc4 16. exd5 Ndb6 17. a4 Re8 18. Kf2 Qe7 19. a5 Ne3 20. Qc1 Nbxd5 21. Ra4 Bd7 22. Bxe3 Nxe3 23. Bf3 Ng4+ 24. Kg3 f5 25. c4 a6 26. Ra2 Qe3 27. Qb1 Re4 28. Nh3 axb5 29. Re2 Qa3 30. Ra2 Qe3 31. Re2 Qd4 32. Bxe4 fxe4 33. Qxe4 bxc4 34. Rhe1 Qxe4 35. Rxe4 Rxa5 36. Re7 Bf5 37. Ng1 Ra3+ 38. Nf3 h5 39. h3 Nh2 40. Kxh2 Rxf3 41. Ra7 Rxf4 42. Re8+ Kh7 43. Ree7 Bd3 44. Rxg7+ Kh8 45. g6 c3 46. Rge7 Kg8 47. g7 1-0

[Event "Kringsja"]
[Site "Oslo"]
[Date "1978.??.??"]
[Round "4"]
[White "Niklasson, Christer"]
[Black "Toth, Bela"]
[Result "1-0"]
[WhiteElo "2340"]
[BlackElo "2480"]
[PlyCount "65"]
[EventDate "1978.01.??"]
[Source "ChessBase"]

1. d4 Nf6 2. c4 e6 3. Nc3 Bb4 4. a3 Bxc3+ 5. bxc3 O-O 6. f3 Ne8 7. e4 b6 8. Bd3 Nc6 9. a4 Ba6 10. Ba3 d6 11. f4 Na5 12. Qe2 c5 13. Nf3 Rc8 14. d5 exd5 15. cxd5 Bxd3 16. Qxd3 Qf6 17. g3 c4 18. Qe3 Qe7 19. O-O Nf6 20. e5 Nxd5 21. Qd2 Qb7 22. Rad1 Nc7 23. exd6 Nb3 24. Qe2 Ne6 25. d7 Rc5 26. Bxc5 Nbxc5 27. f5 Nd8 28. Qxc4 h6 29. f6 g6 30. Ne5 Kh7 31. Rfe1 a6 32. Nxf7 Rxf7 33. Re7 1-0

[Event "44th National A ch-IND"]
[Site "Atul IND"]
[Date "2006.12.20"]
[Round "3"]
[White "Murali Krishnan, B."]
[Black "Bakre, T."]
[Result "1/2-1/2"]
[WhiteElo "2364"]
[BlackElo "2447"]
[PlyCount "98"]
[EventDate "2006.12.18"]
[Source "www.chesslib.no"]
[SourceDate "2004.05.04"]

1. d4 Nf6 2. c4 e6 3. Nc3 Bb4 4. a3 Bxc3+ 5. bxc3 O-O 6. f3 Ne8 7. Nh3 b6 8. e4 Ba6 9. Bd3 Nc6 10. a4 Na5 11. Ba3 d6 12. Bb4 Qh4+ 13. Nf2 Qg5 14. O-O Nb7 15. a5 c5 16. axb6 axb6 17. Ba3 Na5 18. d5 Nc7 19. Qe2 Rfe8 20. Rfb1 exd5 21. Bc1 Qd8 22. cxd5 c4 23. Bc2 Nxd5 24. Qd2 Ne7 25. Qd4 Nc8 26. Bf4 Qc7 27. Ng4 Qc5 28. Qxc5 dxc5 29. Ne3 Nb3 30. Bxb3 cxb3 31. Nd5 Bd3 32. Rxa8 Bxb1 33. Bc1 Kf8 34. Kf2 Nd6 35. Rxe8+ Kxe8 36. Nxb6 Kd8 37. Na4 Nc4 38. Nb2 Nb6 39. Be3 Nd7 40. Ke2 Kc7 41. Kd2 Kc6 42. c4 f5 43. exf5 Bxf5 44. Kc3 Bc2 45. Na4 h5 46. h4 g6 47. Bf2 Bd1 48. Nb2 Bc2 49. Na4 Bd1 1/2-1/2

[Event "Paris op"]
[Site "Paris"]
[Date "1998.??.??"]
[Round "2"]
[White "Gerard, Nicolas"]
[Black "Ikonnikov, Vyacheslav"]
[Result "0-1"]
[WhiteElo "2225"]
[BlackElo "2555"]
[PlyCount "56"]
[EventDate "1998.07.??"]
[Source "www.chesslib.no"]
[SourceDate "2004.05.04"]

1. d4 Nf6 2. c4 e6 3. Nc3 Bb4 4. a3 Bxc3+ 5. bxc3 O-O 6. f3 Nh5 7. Nh3 d6 8. e3 e5 9. Nf2 Qe7 10. f4 Nf6 11. fxe5 dxe5 12. Bd3 c5 13. O-O e4 14. Be2 Nc6 15. Rb1 b6 16. Nh1 Ba6 17. Ng3 Na5 18. dxc5 Rfd8 19. Qc2 Qxc5 20. Rf5 Qe7 21. c5 Bd3 22. Bxd3 exd3 23. Qf2 Nc4 24. Bd2 Ng4 25. Qf4 Nxd2 26. Rd1 Qxe3+ 27. Kh1 Qxf4 28. Rxf4 Nc4 0-1

[Event "Buenos Aires VII Najdorf Open"]
[Site "Buenos Aires ARG"]
[Date "1995.??.??"]
[Round "3"]
[White "Peralta, Fernando"]
[Black "Rodriguez, Andres"]
[Result "1-0"]
[WhiteElo "2325"]
[BlackElo "2435"]
[PlyCount "99"]
[EventDate "1995.??.??"]
[Source "www.chesslib.no"]
[SourceDate "2004.05.04"]

1. d4 e6 2. c4 Nf6 3. Nc3 Bb4 4. a3 Bxc3+ 5. bxc3 O-O 6. f3 d6 7. e4 e5 8. Bg5 c5 9. d5 Nbd7 10. Bd3 h6 11. Be3 Re8 12. Ne2 Nf8 13. Qd2 Ng6 14. O-O Nh5 15. g4 Nf6 16. g5 hxg5 17. Bxg5 Bh3 18. Rf2 Nf8 19. Kh1 N8h7 20. Rg1 Kh8 21. Ng3 g6 22. Bh4 Rc8 23. Bf1 Bd7 24. Nh5 Nxh5 25. Bxd8 Rcxd8 26. f4 exf4 27. Rxf4 Kg7 28. Rh4 N7f6 29. Be2 Nxe4 30. Rxe4 Rxe4 31. Bxh5 Rh8 32. Be2 Rhe8 33. Bd3 Re3 34. Qc2 Re1 35. Rxe1 Rxe1+ 36. Kg2 Re5 37. h4 Re3 38. Be4 Bg4 39. Kf2 Rh3 40. Bg2 Rxh4 41. Kg3 g5 42. Qb3 Bc8 43. Qa4 Kf8 44. Qxa7 Ke7 45. Qb8 Bd7 46. Qxb7 Rxc4 47. Qb2 Rg4+ 48. Kf2 f5 49. c4 f4 50. Qe2+ 1-0

[Event "California Ch"]
[Site "USA"]
[Date "1996.??.??"]
[Round "5"]
[White "Cusi, Ronald"]
[Black "Cartagena, Omar"]
[Result "0-1"]
[WhiteElo "2365"]
[BlackElo "2380"]
[PlyCount "70"]
[EventDate "1996.??.??"]
[Source "www.chesslib.no"]
[SourceDate "2004.05.04"]

1. d4 Nf6 2. c4 e6 3. Nc3 Bb4 4. a3 Bxc3+ 5. bxc3 O-O 6. f3 d5 7. e3 c5 8. Qc2 Nc6 9. Bd3 dxc4 10. Bxc4 e5 11. dxc5 Qa5 12. Ne2 Qxc5 13. Bd3 e4 14. fxe4 Ne5 15. O-O Re8 16. Ng3 Bd7 17. Rb1 Bc6 18. Rb4 Nfg4 19. Re1 Qe7 20. Nf5 Qg5 21. Rf1 a5 22. Rd4 Re6 23. Rf4 Rae8 24. Nd6 Nxh2 25. Nxf7 Nhf3+ 26. Kf1 Nxd4 27. Nxg5 Nxc2 28. Bxc2 Bb5+ 29. Kg1 Rc6 30. Bd2 Bd3 31. Bb3+ Bc4 32. Ba4 b5 33. Bc2 a4 34. Be1 Bb3 35. Bb1 Rd6 0-1